[Event "EUYCC 2024 U10"]
[Site "?"]
[Date "2024.08.10"]
[Round "6.2"]
[White "Doan, Hoang Minh"]
[Black "Kovacs, Balazs"]
[Result "1/2-1/2"]
[BlackElo "1815"]
[WhiteElo "1813"]
[LiveChessVersion "1.4.8"]

1. e4 {[%clk 1:30:18]} e5 {[%clk 1:30:55]} 2. Nf3 {[%clk 1:30:25]} Nc6
{[%clk 1:31:17]} 3. Bb5 {[%clk 1:30:22]} a6 {[%clk 1:31:37]} 4. Ba4
{[%clk 1:30:38]} Nge7 {[%clk 1:31:55]} 5. O-O {[%clk 1:29:48]} g6
{[%clk 1:31:37]} 6. d4 {[%clk 1:25:03]} exd4 {[%clk 1:27:03]} 7. Bxc6
{[%clk 1:20:46]} Nxc6 {[%clk 1:21:24]} 8. Bg5 {[%clk 1:20:16]} Be7
{[%clk 1:14:20]} 9. Bh6 {[%clk 1:16:29]} d6 {[%clk 1:12:42]} 10. Bg7
{[%clk 1:13:19]} Rg8 {[%clk 1:13:06]} 11. Bxd4 {[%clk 1:13:40]} Nxd4
{[%clk 1:13:25]} 12. Nxd4 {[%clk 1:13:50]} Bf6 {[%clk 1:05:17]} 13. Nc3
{[%clk 1:10:51]} Bd7 {[%clk 0:55:54]} 14. f4 {[%clk 1:04:24]} c6 {[%clk 0:48:25]}
15. Re1 {[%clk 0:53:34]} Qb6 {[%clk 0:42:30]} 16. e5 {[%clk 0:50:59]} dxe5
{[%clk 0:41:08]} 17. Ne4 {[%clk 0:45:31]} Be7 {[%clk 0:39:01]} 18. fxe5
{[%clk 0:44:43]} O-O-O {[%clk 0:38:18]} 19. c3 {[%clk 0:39:55]} Rge8
{[%clk 0:29:51]} 20. Qb3 {[%clk 0:37:39]} Qxb3 {[%clk 0:27:03]} 21. axb3
{[%clk 0:37:43]} c5 {[%clk 0:24:53]} 22. Nf3 {[%clk 0:36:08]} Bc6
{[%clk 0:23:46]} 23. Kf2 {[%clk 0:33:04]} Kc7 {[%clk 0:19:52]} 24. Re2
{[%clk 0:28:37]} Rd3 {[%clk 0:18:18]} 25. Nfd2 {[%clk 0:24:31]} Bd5
{[%clk 0:17:03]} 26. Re3 {[%clk 0:23:16]} Rxe3 {[%clk 0:14:08]} 27. Kxe3
{[%clk 0:23:37]} Bf8 {[%clk 0:14:14]} 28. c4 {[%clk 0:22:42]} Bh6+
{[%clk 0:14:02]} 29. Kd3 {[%clk 0:21:27]} Bxe4+ {[%clk 0:14:10]} 30. Nxe4
{[%clk 0:21:42]} Rxe5 {[%clk 0:14:36]} 31. Rf1 {[%clk 0:20:52]} f5
{[%clk 0:14:25]} 32. Nc3 {[%clk 0:20:30]} Re3+ {[%clk 0:14:36]} 33. Kc2
{[%clk 0:20:36]} Re8 {[%clk 0:13:30]} 34. Rf2 {[%clk 0:19:47]} Bg7
{[%clk 0:12:45]} 35. Nd5+ {[%clk 0:18:58]} Kc6 {[%clk 0:12:22]} 36. h3
{[%clk 0:18:24]} Bd4 {[%clk 0:12:41]} 37. Rd2 {[%clk 0:18:02]} g5
{[%clk 0:10:40]} 38. b4 {[%clk 0:16:50]} b6 {[%clk 0:09:16]} 39. bxc5
{[%clk 0:15:16]} bxc5 {[%clk 0:09:35]} 40. b3 {[%clk 0:14:41]} Re4
{[%clk 0:06:10]} 41. Kd3 {[%clk 0:13:14]} Re1 {[%clk 0:03:40]} 42. Ra2
{[%clk 0:12:28]} Kb7 {[%clk 0:01:47]} 1/2-1/2

[Event "EUYCC 2024 U10"]
[Site "?"]
[Date "2024.08.10"]
[Round "6.3"]
[White "Malchev, Nikola"]
[Black "Trejbal, Jindrich"]
[Result "1/2-1/2"]
[BlackElo "1763"]
[WhiteElo "1561"]
[LiveChessVersion "1.4.8"]

1. e4 {[%clk 1:30:55]} c5 {[%clk 1:29:47]} 2. Nc3 {[%clk 1:30:01]} d6
{[%clk 1:29:54]} 3. d4 {[%clk 1:29:35]} cxd4 {[%clk 1:28:50]} 4. Qxd4
{[%clk 1:29:12]} Nc6 {[%clk 1:28:05]} 5. Qd2 {[%clk 1:28:26]} g6 {[%clk 1:26:09]}
6. b3 {[%clk 1:27:34]} Bg7 {[%clk 1:25:04]} 7. Bb2 {[%clk 1:27:49]} Nf6
{[%clk 1:23:14]} 8. f3 {[%clk 1:27:21]} a6 {[%clk 1:15:44]} 9. Nge2
{[%clk 1:27:13]} e6 {[%clk 1:13:44]} 10. O-O-O {[%clk 1:26:48]} Ke7
{[%clk 1:10:04]} 11. Kb1 {[%clk 1:22:30]} b5 {[%clk 1:06:18]} 12. Nd4
{[%clk 1:14:01]} Qb6 {[%clk 0:57:07]} 13. Nce2 {[%clk 0:57:46]} Rd8
{[%clk 0:50:07]} 14. Nxc6+ {[%clk 0:55:38]} Qxc6 {[%clk 0:49:51]} 15. e5
{[%clk 0:49:31]} Ne8 {[%clk 0:42:25]} 16. exd6+ {[%clk 0:47:10]} Kf8
{[%clk 0:40:58]} 17. Ba3 {[%clk 0:39:27]} Kg8 {[%clk 0:36:27]} 18. Qg5
{[%clk 0:37:43]} Rd7 {[%clk 0:30:40]} 19. Qc5 {[%clk 0:37:05]} Qxc5
{[%clk 0:28:06]} 20. Bxc5 {[%clk 0:37:18]} Be5 {[%clk 0:23:12]} 21. Ng3
{[%clk 0:35:07]} Nxd6 {[%clk 0:18:33]} 22. Bd3 {[%clk 0:34:29]} f5
{[%clk 0:10:36]} 23. Rhe1 {[%clk 0:25:33]} Nf7 {[%clk 0:08:45]} 24. c4
{[%clk 0:25:20]} bxc4 {[%clk 0:05:06]} 25. Bxc4 {[%clk 0:25:26]} Bxg3 26. hxg3
{[%clk 0:25:36]} Ng5 {[%clk 0:04:27]} 27. Kc2 {[%clk 0:22:18]} Kf7
{[%clk 0:03:58]} 28. Be3 {[%clk 0:21:23]} Kf6 {[%clk 0:03:47]} 29. Bc1
{[%clk 0:16:06]} Rxd1 {[%clk 0:02:43]} 30. Rxd1 {[%clk 0:16:11]} Nf7
{[%clk 0:03:05]} 31. Bb2+ {[%clk 0:16:19]} Ke7 {[%clk 0:03:05]} 32. Re1
{[%clk 0:15:44]} Bd7 {[%clk 0:02:10]} 33. Kd2 {[%clk 0:14:33]} Rd8
{[%clk 0:02:11]} 34. Ke2 {[%clk 0:14:45]} Bb5 {[%clk 0:02:31]} 35. Ba3+
{[%clk 0:14:46]} Kf6 {[%clk 0:02:44]} 36. Bxb5 {[%clk 0:14:58]} axb5
{[%clk 0:03:07]} 37. Bb2+ {[%clk 0:15:16]} Ke7 {[%clk 0:03:20]} 1/2-1/2

[Event "EUYCC 2024 U10"]
[Site "?"]
[Date "2024.08.10"]
[Round "6.4"]
[White "Vo, Daniel"]
[Black "Fan, Sizhuo"]
[Result "1-0"]
[BlackElo "1895"]
[WhiteElo "1707"]
[LiveChessVersion "1.4.8"]

1. e4 {[%clk 1:30:58]} e5 {[%clk 1:30:52]} 2. Nf3 {[%clk 1:31:16]} Nc6
{[%clk 1:31:11]} 3. d4 {[%clk 1:31:33]} exd4 {[%clk 1:31:30]} 4. Nxd4
{[%clk 1:31:45]} Nf6 {[%clk 1:31:18]} 5. Nc3 {[%clk 1:31:40]} Bb4
{[%clk 1:29:29]} 6. Nxc6 {[%clk 1:31:03]} bxc6 {[%clk 1:29:02]} 7. Bd3
{[%clk 1:27:55]} d5 {[%clk 1:28:33]} 8. exd5 {[%clk 1:27:06]} cxd5
{[%clk 1:28:10]} 9. O-O {[%clk 1:27:00]} O-O {[%clk 1:26:22]} 10. h3
{[%clk 1:26:16]} c6 {[%clk 1:26:20]} 11. Qf3 {[%clk 1:26:11]} Be6
{[%clk 1:24:34]} 12. Bf4 {[%clk 1:23:46]} Qd7 {[%clk 1:22:03]} 13. Be5
{[%clk 1:14:38]} Be7 {[%clk 1:20:44]} 14. Ne2 {[%clk 1:13:42]} c5
{[%clk 1:19:18]} 15. Rad1 {[%clk 1:11:28]} c4 {[%clk 1:18:24]} 16. Bxc4
{[%clk 1:11:33]} Qb7 {[%clk 1:16:21]} 17. Bb3 {[%clk 1:03:28]} Ne4
{[%clk 1:06:22]} 18. Nf4 {[%clk 0:58:41]} Rad8 {[%clk 1:05:11]} 19. Nxe6
{[%clk 0:55:41]} fxe6 {[%clk 1:05:20]} 20. Qg4 {[%clk 0:55:55]} Bc5
{[%clk 1:02:33]} 21. Qxe6+ {[%clk 0:52:08]} Qf7 {[%clk 0:59:46]} 22. Qxf7+
{[%clk 0:40:00]} Kxf7 {[%clk 0:57:46]} 23. Rxd5 {[%clk 0:37:56]} Ke7
{[%clk 0:56:35]} 24. Bxg7 {[%clk 0:30:05]} Bxf2+ {[%clk 0:56:29]} 25. Rxf2
{[%clk 0:29:33]} Rxf2 {[%clk 0:54:54]} 26. Re5+ {[%clk 0:28:43]} Kd6
{[%clk 0:54:11]} 27. Rxe4 {[%clk 0:28:31]} Rf5 {[%clk 0:53:58]} 28. Rd4+
{[%clk 0:28:32]} Ke7 {[%clk 0:54:10]} 29. Rxd8 {[%clk 0:28:30]} Kxd8
{[%clk 0:54:33]} 30. g4 {[%clk 0:28:46]} Rc5 {[%clk 0:54:36]} 31. Bd4
{[%clk 0:28:31]} Ra5 {[%clk 0:54:55]} 32. Kg2 {[%clk 0:28:47]} Ke7
{[%clk 0:54:08]} 33. h4 {[%clk 0:27:50]} 1-0

[Event "EUYCC 2024 U10"]
[Site "?"]
[Date "2024.08.10"]
[Round "6.5"]
[White "Fattori Dittmar, Luca"]
[Black "Gusev, Daniil Den"]
[Result "0-1"]
[BlackElo "1842"]
[WhiteElo "1580"]
[LiveChessVersion "1.4.8"]

1. f4 {[%clk 1:30:41]} d5 {[%clk 1:28:26]} 2. Nf3 {[%clk 1:29:59]} Nf6
{[%clk 1:27:14]} 3. e3 {[%clk 1:29:48]} c5 {[%clk 1:26:08]} 4. b3
{[%clk 1:29:51]} Nc6 {[%clk 1:26:01]} 5. Bb5 {[%clk 1:30:03]} Qc7
{[%clk 1:23:11]} 6. Bb2 a6 {[%clk 1:23:18]} 7. Bxc6+ {[%clk 1:30:04]} bxc6
{[%clk 1:23:24]} 8. O-O {[%clk 1:30:17]} e6 {[%clk 1:19:55]} 9. Ne5
{[%clk 1:26:37]} Bd6 {[%clk 1:18:35]} 10. d3 {[%clk 1:26:16]} O-O
{[%clk 1:17:16]} 11. Rf3 {[%clk 1:26:33]} Nd7 {[%clk 1:13:50]} 12. Rh3
{[%clk 1:25:47]} Bxe5 {[%clk 1:10:10]} 13. fxe5 {[%clk 1:24:15]} f6
{[%clk 0:59:08]} 14. Qh5 {[%clk 1:24:04]} h6 {[%clk 0:59:33]} 15. Rg3
{[%clk 1:21:52]} Nxe5 {[%clk 0:57:07]} 16. Bxe5 {[%clk 1:18:04]} Qxe5
{[%clk 0:57:30]} 17. Qxe5 {[%clk 1:16:34]} fxe5 {[%clk 0:57:55]} 18. Nc3
{[%clk 1:16:44]} Rb8 {[%clk 0:55:06]} 19. Na4 {[%clk 1:16:04]} c4
{[%clk 0:55:27]} 20. dxc4 {[%clk 1:16:20]} e4 {[%clk 0:54:31]} 21. cxd5
{[%clk 1:16:24]} exd5 {[%clk 0:54:19]} 22. Rf1 {[%clk 1:15:34]} Rxf1+
{[%clk 0:52:40]} 23. Kxf1 {[%clk 1:16:02]} Bf5 {[%clk 0:52:45]} 24. Nc3
{[%clk 1:15:13]} Rd8 {[%clk 0:52:07]} 25. Ne2 {[%clk 1:15:27]} c5
{[%clk 0:52:28]} 26. c3 {[%clk 1:15:24]} a5 {[%clk 0:52:45]} 27. Nf4
{[%clk 1:14:37]} Kf7 {[%clk 0:52:46]} 28. h4 {[%clk 1:14:29]} g6 {[%clk 0:51:05]}
29. Nh3 {[%clk 1:14:00]} a4 {[%clk 0:51:10]} 30. bxa4 {[%clk 1:12:58]} Ra8
{[%clk 0:51:29]} 31. Nf4 {[%clk 1:13:18]} Rxa4 {[%clk 0:49:13]} 32. Nxd5
{[%clk 1:13:39]} Rxa2 33. c4 {[%clk 1:13:07]} Ra4 {[%clk 0:49:31]} 34. Nc7
{[%clk 1:11:57]} Rxc4 {[%clk 0:49:23]} 35. Nb5 {[%clk 1:12:14]} Ke7
{[%clk 0:48:08]} 36. Ke2 {[%clk 1:12:14]} Rb4 {[%clk 0:44:16]} 37. Nc7
{[%clk 1:12:22]} Rb2+ {[%clk 0:41:09]} 38. Kd1 {[%clk 1:12:41]} Kd6
{[%clk 0:39:04]} 39. Ne8+ {[%clk 1:13:03]} Ke5 {[%clk 0:39:29]} 40. Ng7 c4
{[%clk 0:39:50]} 41. Nxf5 {[%clk 1:13:43]} Kxf5 {[%clk 0:40:16]} 42. Kc1
{[%clk 1:13:35]} Rf2 {[%clk 0:40:36]} 43. Kd1 {[%clk 1:13:50]} c3
{[%clk 0:39:58]} 44. Kc1 {[%clk 1:13:46]} g5 {[%clk 0:40:03]} 45. hxg5
{[%clk 1:14:08]} hxg5 {[%clk 0:40:31]} 46. Kd1 {[%clk 1:14:20]} g4
{[%clk 0:40:57]} 47. Ke1 {[%clk 1:14:34]} Ke5 0-1

[Event "EUYCC 2024 U10"]
[Site "?"]
[Date "2024.08.10"]
[Round "6.6"]
[White "Kopecny, Adam"]
[Black "Bostina, Vladimir-Ioan"]
[Result "1/2-1/2"]
[BlackElo "1627"]
[WhiteElo "1720"]
[LiveChessVersion "1.4.8"]

1. e4 {[%clk 1:30:58]} c5 {[%clk 1:30:53]} 2. Nf3 {[%clk 1:30:39]} d6
{[%clk 1:31:16]} 3. Bb5+ {[%clk 1:30:58]} Bd7 {[%clk 1:31:37]} 4. Bxd7+
{[%clk 1:30:31]} Qxd7 {[%clk 1:32:05]} 5. O-O {[%clk 1:29:52]} Nc6
{[%clk 1:31:35]} 6. c3 {[%clk 1:28:20]} Nf6 {[%clk 1:31:08]} 7. Re1
{[%clk 1:27:22]} e6 {[%clk 1:29:55]} 8. d4 {[%clk 1:24:19]} cxd4 {[%clk 1:27:57]}
9. cxd4 {[%clk 1:19:37]} Be7 {[%clk 1:28:15]} 10. Nc3 {[%clk 1:17:58]} O-O
{[%clk 1:28:13]} 11. a3 {[%clk 1:13:34]} a6 {[%clk 1:27:30]} 12. h3
{[%clk 1:12:48]} b5 {[%clk 1:24:00]} 13. Nh2 {[%clk 1:11:48]} b4 {[%clk 1:00:52]}
14. axb4 {[%clk 1:06:09]} Nxb4 {[%clk 0:58:33]} 15. Re3 {[%clk 1:04:11]} Qb7
{[%clk 0:48:31]} 16. Ng4 {[%clk 0:56:36]} Nxg4 {[%clk 0:45:33]} 17. Qxg4
{[%clk 0:55:56]} Nc2 {[%clk 0:36:04]} 18. Rg3 {[%clk 0:55:36]} g6
{[%clk 0:34:39]} 19. Ra5 {[%clk 0:50:30]} Nxd4 {[%clk 0:25:33]} 20. Rh5
{[%clk 0:49:46]} Bf6 {[%clk 0:13:43]} 21. Bg5 {[%clk 0:47:29]} Bg7
{[%clk 0:06:55]} 22. Qh4 {[%clk 0:33:04]} f6 {[%clk 1:30:30]} 23. Rxh7 1/2-1/2

[Event "EUYCC 2024 U10"]
[Site "?"]
[Date "2024.08.10"]
[Round "6.8"]
[White "Malcheva, Niya"]
[Black "Lobina, Thomas"]
[Result "0-1"]
[BlackElo "1793"]
[WhiteElo "1551"]
[LiveChessVersion "1.4.8"]

1. e4 {[%clk 1:30:56]} c5 {[%clk 1:30:57]} 2. Nc3 {[%clk 1:31:20]} Nc6
{[%clk 1:31:23]} 3. Bb5 {[%clk 1:31:32]} Nd4 {[%clk 1:31:46]} 4. Nf3
{[%clk 1:31:52]} g6 {[%clk 1:32:06]} 5. Nxd4 {[%clk 1:31:08]} cxd4
{[%clk 1:32:29]} 6. Ne2 {[%clk 1:31:35]} Bg7 {[%clk 1:32:53]} 7. d3
{[%clk 1:31:35]} Qa5+ {[%clk 1:32:34]} 8. Bd2 {[%clk 1:29:56]} Qxb5
{[%clk 1:32:51]} 9. a3 {[%clk 1:30:17]} d6 {[%clk 1:32:01]} 10. h3
{[%clk 1:29:19]} e5 {[%clk 1:31:08]} 11. O-O {[%clk 1:24:24]} Be6
{[%clk 1:30:52]} 12. b3 {[%clk 1:19:22]} Ne7 {[%clk 1:30:05]} 13. Bb4
{[%clk 1:17:59]} Qd7 {[%clk 1:27:14]} 14. a4 {[%clk 1:15:08]} O-O
{[%clk 1:24:07]} 15. f4 {[%clk 1:15:27]} f5 {[%clk 1:19:30]} 16. Qd2
{[%clk 1:02:15]} Rf7 {[%clk 1:10:43]} 17. Rf2 {[%clk 0:57:50]} Bh6
{[%clk 1:05:20]} 18. Raf1 {[%clk 0:51:15]} Raf8 {[%clk 1:03:03]} 19. Rf3
{[%clk 0:47:36]} a6 {[%clk 0:56:24]} 20. Qc1 {[%clk 0:38:20]} fxe4
{[%clk 0:55:05]} 21. dxe4 {[%clk 0:37:55]} d5 {[%clk 0:54:51]} 22. exd5
{[%clk 0:33:20]} Bxd5 {[%clk 0:54:47]} 23. R3f2 {[%clk 0:33:21]} Rc8
{[%clk 0:54:52]} 24. Qa3 {[%clk 0:31:37]} Rxc2 {[%clk 0:51:42]} 25. Kh2
{[%clk 0:25:30]} d3 {[%clk 0:48:52]} 26. Nc3 {[%clk 0:25:29]} Rxf2
{[%clk 0:48:40]} 27. Rxf2 {[%clk 0:25:51]} Bxf4+ {[%clk 0:48:23]} 28. g3
{[%clk 0:25:48]} Bg5 {[%clk 0:46:32]} 29. Rxf7 {[%clk 0:25:49]} Kxf7
{[%clk 0:46:28]} 30. Nxd5 {[%clk 0:24:34]} Nxd5 {[%clk 0:46:45]} 31. Bc5
{[%clk 0:24:49]} b6 32. Bf2 {[%clk 0:20:30]} d2 {[%clk 0:46:59]} 33. Qa1
{[%clk 0:20:47]} Nc3 {[%clk 0:45:59]} 34. Qxc3 {[%clk 0:21:10]} d1=Q
{[%clk 0:46:21]} 35. Qxe5 {[%clk 0:20:54]} Q1d2 {[%clk 0:46:26]} 0-1

[Event "EUYCC 2024 U10"]
[Site "?"]
[Date "2024.08.10"]
[Round "6.10"]
[White "Hlavacek, Pavel"]
[Black "Glon Tombi Ambassa, Hermione"]
[Result "1/2-1/2"]
[BlackElo "1543"]
[WhiteElo "1583"]
[LiveChessVersion "1.4.8"]

1. d4 {[%clk 1:30:59]} d5 {[%clk 1:30:48]} 2. c4 {[%clk 1:31:23]} e6
{[%clk 1:31:11]} 3. Nc3 {[%clk 1:31:46]} Be7 {[%clk 1:31:23]} 4. Nf3
{[%clk 1:31:38]} Nf6 {[%clk 1:30:53]} 5. Bg5 {[%clk 1:31:00]} Nbd7
{[%clk 1:29:18]} 6. e3 h6 {[%clk 1:27:56]} 7. Bh4 {[%clk 1:26:14]} O-O
{[%clk 1:26:41]} 8. cxd5 {[%clk 1:25:05]} exd5 {[%clk 1:25:57]} 9. Bd3
{[%clk 1:22:11]} c6 {[%clk 1:22:53]} 10. O-O {[%clk 1:17:27]} Re8
{[%clk 1:16:23]} 11. Qc2 {[%clk 1:14:13]} Qc7 {[%clk 1:12:53]} 12. Rab1
{[%clk 1:02:36]} Nb6 {[%clk 1:07:15]} 13. Bg3 {[%clk 0:54:32]} Qd8
{[%clk 1:04:14]} 14. Nd2 {[%clk 0:49:37]} Be6 {[%clk 1:01:43]} 15. Na4
{[%clk 0:38:06]} Nxa4 {[%clk 0:57:11]} 16. Qxa4 {[%clk 0:38:03]} c5
{[%clk 0:55:15]} 17. Bb5 {[%clk 0:33:52]} Bd7 {[%clk 0:54:39]} 18. dxc5
{[%clk 0:26:35]} Bxc5 {[%clk 0:51:59]} 19. Bxd7 {[%clk 0:26:11]} Nxd7
{[%clk 0:51:35]} 20. Rbc1 {[%clk 0:23:24]} Bb6 {[%clk 0:49:35]} 21. Rc3
{[%clk 0:15:01]} Rc8 {[%clk 0:45:43]} 22. Rfc1 {[%clk 0:14:26]} Rxc3
{[%clk 0:43:59]} 23. Rxc3 {[%clk 0:14:41]} d4 {[%clk 0:37:42]} 24. exd4
{[%clk 0:13:18]} Re1+ {[%clk 0:37:28]} 25. Nf1 {[%clk 0:13:45]} Nf6
{[%clk 0:34:27]} 26. Qc2 {[%clk 0:07:59]} Re8 {[%clk 0:29:58]} 27. Bc7
{[%clk 0:06:59]} Qxd4 {[%clk 0:26:18]} 28. Bxb6 {[%clk 0:07:16]} Qxb6
{[%clk 0:25:39]} 29. Re3 {[%clk 0:05:59]} Rxe3 {[%clk 0:24:49]} 30. Nxe3
{[%clk 0:06:24]} Qd8 {[%clk 0:24:07]} 31. h3 {[%clk 0:06:28]} Nh5
{[%clk 0:21:59]} 32. Qb3 {[%clk 0:06:04]} Qc8 {[%clk 0:21:15]} 33. Nd5
{[%clk 0:05:58]} Qd7 {[%clk 0:20:02]} 34. Qf3 {[%clk 0:05:47]} f5
{[%clk 0:17:50]} 35. Ne3 {[%clk 0:05:47]} g6 {[%clk 0:17:30]} 36. Nd5
{[%clk 0:05:26]} Kh8 {[%clk 0:16:52]} 37. Qc3+ {[%clk 0:05:19]} Qg7
{[%clk 0:16:02]} 38. Qxg7+ {[%clk 0:05:29]} Kxg7 {[%clk 0:16:12]} 39. Kf1
{[%clk 0:05:43]} Kf7 {[%clk 0:16:18]} 40. Ke2 {[%clk 0:05:10]} 1/2-1/2

[Event "EUYCC 2024 U10"]
[Site "?"]
[Date "2024.08.10"]
[Round "6.11"]
[White "Huttova, Karolina"]
[Black "Grigore, Melania-Cristina"]
[Result "0-1"]
[BlackElo "1466"]
[WhiteElo "1433"]
[LiveChessVersion "1.4.8"]

1. Nf3 {[%clk 1:30:54]} d5 {[%clk 1:29:59]} 2. d4 {[%clk 1:30:56]} Nf6
{[%clk 1:29:52]} 3. g3 {[%clk 1:30:23]} b5 {[%clk 1:25:26]} 4. Bg2
{[%clk 1:19:41]} e6 {[%clk 1:22:31]} 5. O-O {[%clk 1:18:45]} Nbd7
{[%clk 1:22:32]} 6. b3 {[%clk 1:13:52]} Be7 {[%clk 1:19:18]} 7. Bb2
{[%clk 1:12:50]} O-O {[%clk 1:18:21]} 8. Nbd2 {[%clk 1:07:45]} Bb7
{[%clk 1:11:12]} 9. c4 {[%clk 1:05:39]} bxc4 {[%clk 1:07:15]} 10. bxc4
{[%clk 1:05:42]} c5 {[%clk 1:02:59]} 11. Qc2 {[%clk 1:02:43]} Rc8
{[%clk 0:58:30]} 12. Rfc1 {[%clk 0:51:00]} dxc4 {[%clk 0:45:11]} 13. Nxc4
{[%clk 0:49:52]} cxd4 {[%clk 0:44:40]} 14. Bxd4 {[%clk 0:41:59]} Ba3
{[%clk 0:43:48]} 15. Bb2 {[%clk 0:38:07]} Rxc4 {[%clk 0:41:14]} 16. Qxc4
{[%clk 0:37:22]} Bxb2 {[%clk 0:41:06]} 17. Rab1 {[%clk 0:32:38]} Bd5
{[%clk 0:40:09]} 18. Qc7 {[%clk 0:30:23]} Bxc1 {[%clk 0:40:20]} 19. Rxc1
{[%clk 0:30:43]} Bxf3 {[%clk 0:40:36]} 20. Bxf3 {[%clk 0:30:52]} Qxc7
{[%clk 0:40:31]} 21. Rxc7 {[%clk 0:30:59]} a6 {[%clk 0:38:46]} 22. Kf1
{[%clk 0:28:40]} g6 {[%clk 0:38:21]} 23. Ke1 {[%clk 0:27:53]} Rb8
{[%clk 0:38:23]} 24. Bc6 {[%clk 0:25:42]} Ne5 {[%clk 0:38:37]} 25. Bg2
{[%clk 0:25:23]} Nd5 {[%clk 0:38:20]} 26. Ra7 {[%clk 0:24:47]} Nc4
{[%clk 0:37:07]} 27. f3 {[%clk 0:23:41]} Nce3 {[%clk 0:35:29]} 28. Kf2
{[%clk 0:23:04]} Nxg2 {[%clk 0:34:34]} 29. Kxg2 {[%clk 0:23:27]} Nc3
{[%clk 0:34:13]} 30. Rxa6 {[%clk 0:22:33]} Rb2 {[%clk 0:34:39]} 31. Ra8+
{[%clk 0:22:10]} Kg7 {[%clk 0:34:54]} 32. a4 {[%clk 0:22:24]} Rxe2+
{[%clk 0:34:46]} 33. Kh3 {[%clk 0:21:57]} Ra2 {[%clk 0:35:11]} 34. a5
{[%clk 0:21:59]} Nb5 {[%clk 0:35:09]} 35. a6 {[%clk 0:21:39]} Nc7
{[%clk 0:35:08]} 36. Ra7 {[%clk 0:21:36]} Nxa6 {[%clk 0:35:24]} 37. f4
{[%clk 0:21:10]} Ra4 {[%clk 0:35:25]} 0-1

[Event "EUYCC 2024 U10"]
[Site "?"]
[Date "2024.08.11"]
[Round "7.1"]
[White "Mueller, Konstantin"]
[Black "Doan, Hoang Minh"]
[Result "1-0"]
[BlackElo "1813"]
[WhiteElo "1835"]
[LiveChessVersion "1.4.8"]

1. Nf3 {[%clk 1:30:53]} Nf6 {[%clk 1:30:35]} 2. g3 {[%clk 1:31:16]} g6
{[%clk 1:30:56]} 3. b3 {[%clk 1:31:29]} Bg7 {[%clk 1:27:53]} 4. Bb2
{[%clk 1:31:45]} c5 {[%clk 1:26:30]} 5. c4 {[%clk 1:31:55]} Nc6 {[%clk 1:25:58]}
6. Bg2 {[%clk 1:31:59]} d6 {[%clk 1:25:15]} 7. O-O {[%clk 1:31:18]} O-O
{[%clk 1:23:59]} 8. Nc3 {[%clk 1:28:34]} Bf5 {[%clk 1:19:10]} 9. d4
{[%clk 1:23:49]} cxd4 {[%clk 1:15:56]} 10. Nxd4 {[%clk 1:23:39]} Nxd4
{[%clk 1:15:22]} 11. Qxd4 {[%clk 1:23:11]} Ne4 {[%clk 1:15:05]} 12. Qe3
{[%clk 1:23:28]} Nxc3 {[%clk 1:15:27]} 13. Bxc3 {[%clk 1:23:52]} Bxc3
{[%clk 1:15:38]} 14. Qxc3 {[%clk 1:24:15]} Qc7 {[%clk 1:15:14]} 15. Rfd1
{[%clk 1:21:29]} Rac8 {[%clk 1:08:16]} 16. Qf3 {[%clk 1:06:10]} b6
{[%clk 0:59:34]} 17. Rd4 {[%clk 1:01:10]} Bd7 {[%clk 0:49:18]} 18. Qe3
{[%clk 0:50:37]} e5 19. Rd2 {[%clk 0:41:29]} b5 {[%clk 0:37:19]} 20. Rad1
{[%clk 0:27:57]} bxc4 {[%clk 0:32:33]} 21. bxc4 {[%clk 0:28:01]} Qxc4
{[%clk 0:31:23]} 22. Rxd6 {[%clk 0:28:06]} Bb5 {[%clk 0:27:29]} 23. Qxa7
{[%clk 0:24:43]} Qxe2 {[%clk 0:27:08]} 24. Qb6 {[%clk 0:19:31]} Rb8
{[%clk 0:20:39]} 25. Qc7 {[%clk 0:16:13]} Rbc8 {[%clk 0:15:49]} 26. Qe7
{[%clk 0:15:24]} Rc2 {[%clk 0:11:43]} 27. Qf6 {[%clk 0:15:13]} Rcc8
{[%clk 0:05:46]} 28. h4 {[%clk 0:14:44]} Bc4 {[%clk 0:04:50]} 29. Bh3
{[%clk 0:14:03]} Rce8 {[%clk 0:04:39]} 30. a4 {[%clk 0:11:55]} Qa2
{[%clk 0:03:26]} 31. h5 {[%clk 0:10:43]} gxh5 {[%clk 0:02:45]} 32. Bf5
{[%clk 0:08:48]} Be6 {[%clk 0:02:18]} 33. Bb1 {[%clk 0:03:46]} Qxa4
{[%clk 0:02:30]} 34. Qg5+ {[%clk 0:03:09]} Kh8 {[%clk 0:02:53]} 35. Qxe5+
{[%clk 0:03:23]} f6 {[%clk 0:03:07]} 36. Qxh5 {[%clk 0:03:30]} Bg8
{[%clk 0:03:32]} 37. Rd7 {[%clk 0:02:50]} Re5 {[%clk 0:03:38]} 38. Rxh7+ 1-0

[Event "EUYCC 2024 U10"]
[Site "?"]
[Date "2024.08.11"]
[Round "7.2"]
[White "Kovacs, Balazs"]
[Black "Chalampuente, Victor"]
[Result "0-1"]
[BlackElo "1851"]
[WhiteElo "1815"]
[LiveChessVersion "1.4.8"]

1. e4 {[%clk 1:30:52]} c6 {[%clk 1:30:39]} 2. d4 {[%clk 1:31:16]} d5
{[%clk 1:31:06]} 3. Nc3 {[%clk 1:31:41]} dxe4 {[%clk 1:31:19]} 4. Nxe4
{[%clk 1:32:03]} Nf6 {[%clk 1:31:40]} 5. Qd3 {[%clk 1:32:28]} Nxe4
{[%clk 1:31:31]} 6. Qxe4 {[%clk 1:32:52]} Nd7 {[%clk 1:31:37]} 7. Nf3
{[%clk 1:33:14]} Nf6 {[%clk 1:31:57]} 8. Qd3 {[%clk 1:33:37]} g6 {[%clk 1:31:55]}
9. Be2 {[%clk 1:33:42]} Bg7 {[%clk 1:31:41]} 10. O-O {[%clk 1:33:59]} O-O
{[%clk 1:31:29]} 11. Re1 {[%clk 1:34:11]} Bf5 {[%clk 1:30:49]} 12. Qb3
{[%clk 1:34:32]} Qc7 {[%clk 1:29:45]} 13. c4 {[%clk 1:29:55]} Rad8
{[%clk 1:26:59]} 14. h3 {[%clk 1:28:11]} b6 {[%clk 1:16:25]} 15. Bg5
{[%clk 1:25:28]} h6 {[%clk 1:12:00]} 16. Bh4 {[%clk 1:25:28]} Ne4
{[%clk 1:05:40]} 17. g4 {[%clk 1:13:42]} Be6 {[%clk 0:56:19]} 18. Bd3
{[%clk 1:11:41]} Ng5 {[%clk 0:51:28]} 19. Bxg5 {[%clk 1:07:46]} hxg5
{[%clk 0:51:25]} 20. Nxg5 {[%clk 1:08:06]} Bxd4 {[%clk 0:49:33]} 21. Kg2
{[%clk 0:58:59]} Qf4 {[%clk 0:44:49]} 22. Ne4 {[%clk 0:39:12]} f5
{[%clk 0:41:43]} 23. gxf5 {[%clk 0:32:07]} Bxf5 {[%clk 0:29:38]} 24. Qc2
{[%clk 0:26:36]} Kg7 {[%clk 0:23:38]} 25. Rh1 {[%clk 0:15:12]} Bxe4+
{[%clk 0:22:09]} 26. Bxe4 {[%clk 0:13:49]} Bxf2 {[%clk 0:18:42]} 27. Qc3+
{[%clk 0:11:47]} Bd4 {[%clk 0:17:48]} 28. Qe1 {[%clk 0:07:13]} Qg5+
{[%clk 0:17:43]} 29. Qg3 {[%clk 0:07:35]} Rf2+ {[%clk 0:17:55]} 30. Kg1
{[%clk 0:07:59]} Qxg3+ {[%clk 0:18:18]} 0-1